| 000 | 00414nam a2200169Ia 4500 | ||
|---|---|---|---|
| 008 | 180921t2014 xxu||||| |||| 00| 0 eng d | ||
| 041 | _aeng | ||
| 080 |
_aX92 _bDHA |
||
| 100 | _aDharmapala, Anagarika | ||
| 245 | _aReturn to Righteousness | ||
| 260 |
_bGodage _aColombo _c2014 |
||
| 300 | _b875p, 21cm | ||
| 700 |
_aAnanda Guruge _eed. |
||
| 942 | _cBK | ||
| 999 |
_c1325 _d1325 |
||
| 003 | LK-CoDNM | ||
| 040 |
_aLK-CoDNM _dLK-CoDNM _eLK-CoDNM |
||